000
00483nam a2200181Ia 4500
008
090124s9999 xx 000 0 und d
082
_b
119097
100
_a
गोगटे शकुंतला
245
_a
अद्वैत
250
_a
1
260
_c
1982
300
_a
111
600
_a
गोगटे शकुंतला
630
_a
अद्वैत
700
_a
गोगटे शकुंतला
730
_a
अद्वैत
942
_c
BOOK
999
_c
165183
_d
165183